[Event "20th Prague Open 2022"]
[Site "Prague"]
[Date "2022.01.12"]
[Round "7.3"]
[White "Carlsson, Ludvig"]
[Black "Jurcik, Marian"]
[Result "1/2-1/2"]
[WhiteElo "2355"]
[BlackElo "2397"]
[Annotator "TA"]
[PlyCount "41"]
[EventDate "2022.01.07"]
[EventType "swiss"]
[EventCountry "CZE"]
[SourceTitle "playchess.com"]
[Source "ChessBase"]
[SourceQuality "1"]

{[%evp 19,20,44,62]} 1. e4 d6 2. d4 Nf6 3. Nc3 g6 4. Nf3 Bg7 5. Be2 O-O 6. O-O Bg4 7. Be3 Nc6 8. d5 Bxf3 9. Bxf3 Ne5 10. Be2 c6 {[#]} {Predecessor:} 11. dxc6 $146 {B08: Pirc Defence: Classical System.} bxc6 12. f4 Ned7 13. Qd2 Rb8 14. b3 Qa5 15. Rad1 Rfe8 16. Bf3 e5 17. Na4 Qxd2 18. Rxd2 exf4 19. Bxf4 Nxe4 20. Bxe4 Rxe4 21. Rxd6 {0-1 (48) Babazada,K (2429)-Efimenko,Z (2597) Warsaw 2021} 1/2-1/2

[Event "20th Prague Open 2022"]
[Site "Prague"]
[Date "2022.01.12"]
[Round "7.4"]
[White "Vojta, Jakub"]
[Black "Kozak, Antoni"]
[Result "0-1"]
[WhiteElo "2289"]
[BlackElo "2356"]
[Annotator "TA"]
[PlyCount "90"]
[EventDate "2022.01.07"]
[EventType "swiss"]
[EventCountry "CZE"]
[SourceTitle "playchess.com"]
[Source "ChessBase"]
[SourceQuality "1"]

{[%evp 31,90,0,12,0,0,0,9,10,21,0,0,0,-8,0,0,0,0,-23,-13,-44,-46,-49,-57,-54,-54,-102,-92,-83,-80,-100,-90,-131,-19,-29,-24,-37,-24,-32,0,-139,-134,-142,-122,-235,-220,-236,-216,-259,-237,-489,-474,-299,-299,-584,-753,-720,-713,-1550,-1541,-1310,-1208]} 1. e4 c6 2. d4 d5 3. Nd2 dxe4 4. Nxe4 Bf5 5. Ng3 Bg6 6. h4 h6 7. Nf3 Nd7 8. h5 Bh7 9. Bd3 Bxd3 10. Qxd3 e6 11. Bd2 Ngf6 12. O-O-O Be7 13. Ne4 Nxe4 14. Qxe4 Nf6 15. Qe2 Qd5 16. c4 Qe4 $1 17. Rde1 {B19: Classical Caro-Kann: 4...Bf5 main line.} Qxe2 18. Rxe2 b5 19. Ne5 {The position is equal.} bxc4 {[#]} 20. f4 $146 {[%cal Bf2f4,Bf4f5][%mdl 32]} ({Predecessor:} 20. Nxc6 Rc8 21. Nxe7 Kxe7 22. Bb4+ Kd7 23. Bc5 Rc6 24. Rh3 Ra6 25. a3 Rc8 26. Rc2 Ra4 {½-½ (26) Ginzborsky,L (2241)-Altanoch,G (2227) ICCF email 2012}) 20... Rc8 21. Nxc4 {[%cal Of4f5]} c5 22. d5 Nxd5 23. f5 Nc7 ({Don't take} 23... exf5 24. Nd6+ Kd7 25. Nxc8 Rxc8 26. Re5 $16) 24. Bf4 O-O 25. Bxc7 Rxc7 26. fxe6 fxe6 27. Rxe6 Rf2 28. Rhe1 (28. g4 $15) 28... Bg5+ $17 29. Kb1 Rxg2 30. Re8+ Kh7 {Strongly threatening ...Rh2.} 31. Ne5 ({White should try} 31. Rf8) 31... Bf6 (31... Re7 $1 $17 {[%cal Re7e8]} 32. Rxe7 Bxe7) 32. Ng6 $1 $11 Rxg6 (32... Rxb2+ {is a self mate.} 33. Kc1) 33. hxg6+ Kxg6 {[%mdl 4096] Endgame KRR-KRB} 34. Rg1+ Kf7 35. Re2 {[#]} (35. Rh8 $1 $11 {remains equal.}) 35... g5 $1 $17 {[%cal Bg7g5,Bg5g4][%mdl 32]} 36. Kc2 h5 {[%cal Bh6h5,Bh5h4,Bh4h3][%mdl 32]} 37. b3 {[#]} (37. Rd2 $17 {was worth a try.}) 37... g4 $1 $19 38. Kd3 Kg6 39. Kc4 Bd4 40. Rgg2 (40. Rh1 {keeps fighting.}) 40... Kf5 41. b4 h4 42. bxc5 $2 (42. Re4 Kxe4 43. Rxg4+ Ke3 44. Rxh4) 42... Bxc5 {White must now prevent ...h3. Black is clearly winning.} 43. Kd5 g3 44. Re5+ Kf4 {And now ...Bf2 would win.} 45. Rge2 h3 {Weighted Error Value: White=0.54/Black=0.09 (flawless)} 0-1

[Event "20th Prague Open 2022"]
[Site "Prague"]
[Date "2022.01.12"]
[Round "7.5"]
[White "Urkedal, Frode Olav Olsen"]
[Black "Kulhanek, Tomas"]
[Result "1-0"]
[WhiteElo "2553"]
[BlackElo "2323"]
[Annotator "TA"]
[PlyCount "69"]
[EventDate "2022.01.07"]
[EventType "swiss"]
[EventCountry "CZE"]
[SourceTitle "playchess.com"]
[Source "ChessBase"]
[SourceQuality "1"]

{[%evp 23,69,53,64,64,102,49,68,71,76,0,99,80,83,79,82,72,75,66,69,81,101,19,77,71,42,53,88,92,163,166,243,273,342,288,464,275,763,661,613,629,1252,1238,1159,1079,29971,5694,2439,1424]} 1. e4 c5 2. Nf3 Nc6 3. d4 cxd4 4. Nxd4 g6 5. c4 Bg7 6. Be3 Nf6 7. Nc3 d6 8. Be2 Nxd4 9. Bxd4 O-O 10. O-O Be6 11. Qd2 Qa5 12. Rad1 Rfc8 13. b3 {B38: Sicilian: Maroczy Bind with 5...Bg7 and 7...0-0.} a6 {[%cal Ob7b5]} 14. Qb2 $5 {[%mdl 4] [#] Leaves trodden paths.} ({Better is} 14. f4 $16) 14... Ne8 $146 ({Predecessor:} 14... b5 15. b4 Qc7 16. cxb5 axb5 17. Bxb5 Bc4 18. Rfe1 e5 19. Be3 Qb7 20. Bxc4 Rxc4 {0-1 (43) Gil Gonzalez,J (2355)-Cortes Bueno,J Spain 1993}) 15. Bxg7 {White is slightly better.} Nxg7 16. f4 (16. a4 $16) 16... f6 (16... b5 $1 $11) 17. Nd5 Bxd5 18. Rxd5 Rc5 19. Rd2 {Black must now prevent b4. White is more active.} Qb6 {[#]} 20. Kh1 $1 {[%cal Oe4e5]} a5 21. a3 Rcc8 22. Rf3 (22. Qc3 $16) 22... Qc6 (22... Ne6 $11 {keeps the balance.}) 23. Rd5 (23. f5 {feels hotter.} Qxe4 24. Bd3 Qe5 25. Qb1 Nxf5 26. Re2) 23... e6 24. Rd4 Rf8 25. Qd2 Ne8 (25... Rad8 $16 {is a better defense.}) 26. f5 $18 e5 (26... Rf7 $142 27. c5 (27. fxe6 Re7 $14) 27... Qxc5) 27. Rd5 g5 28. h4 h6 $2 (28... a4 29. hxg5 fxg5 30. Qxg5+ Kh8) 29. Rg3 (29. c5 $142) 29... Ng7 $2 (29... Rf7 30. Bh5 (30. hxg5 hxg5 31. Rh3 Rd8 $16) 30... Rg7 31. Bxe8 (31. Rxa5 Rd8 $18) 31... Rxe8 32. Qxa5 Rf8) 30. hxg5 hxg5 31. c5 {[%cal Bc4c5,Bc5d6][%mdl 32] [#] And now Bc4 would win.} Rfd8 32. Bc4 {[%cal Rd5d6]} Kf8 33. Rh3 Ne8 34. Qd1 {Threatening mate with Rh8+.} Rd7 35. cxd6 {Weighted Error Value: White=0.30/Black=0.84} 1-0

[Event "20th Prague Open 2022"]
[Site "Prague"]
[Date "2022.01.12"]
[Round "7.6"]
[White "Neuman, Petr"]
[Black "Mannion, Stephen R"]
[Result "0-1"]
[WhiteElo "2402"]
[BlackElo "2267"]
[Annotator "TA"]
[PlyCount "64"]
[EventDate "2022.01.07"]
[EventType "swiss"]
[EventCountry "CZE"]
[SourceTitle "playchess.com"]
[Source "ChessBase"]
[SourceQuality "1"]

{[%evp 16,64,-29,-15,-10,-87,-64,-70,-61,-56,7,10,29,-13,-7,-12,0,-7,-8,0,0,-22,-24,-17,-15,-8,0,-8,0,0,0,0,0,0,0,0,0,-26,-17,-24,-14,-18,0,-14,0,0,0,-1377,-1344,-1289,-1256]} 1. e4 e5 2. Nf3 Nc6 3. c3 Nf6 4. d3 d5 5. Nbd2 a5 6. Be2 Bc5 7. O-O O-O 8. b3 Re8 $1 {8...Re8 scores better than 8...Qe7.} 9. a3 d4 {C44: Ponziani Opening and Scotch Gambit.} 10. c4 (10. cxd4 $11 Nxd4 11. Bb2) 10... Nd7 {[#] Black is much more active. White has bad knights.} 11. Ne1 $146 ({Predecessor:} 11. Kh1 Be7 12. Ng1 Nc5 13. g3 f5 14. f3 f4 15. Rf2 Bg5 16. Rg2 Rf8 17. Nf1 {0-1 (48) Dragojlovic,A (2288)-Savanovic,A (2434) Venice 2018}) 11... Nf8 {Black is slightly better.} 12. g3 f5 ({Black should play} 12... Bh3 $15 13. Ng2 Nd7) 13. exf5 $11 Bxf5 14. Bf3 (14. Bh5 $142) 14... Qd7 15. Ne4 Be7 16. Nc2 Ne6 17. Re1 Nc5 18. Rb1 Nxe4 19. Bxe4 Bxe4 20. Rxe4 Bf6 21. Bd2 Ne7 {[%cal Bc6e7,Be7f5,Bf5d6][%mdl 32]} 22. a4 b6 23. Qf3 Nf5 24. Qg4 g6 25. Rbe1 Qf7 26. R4e2 Nd6 {[%cal Oe5e4]} 27. Qf3 {Inhibits e4.} Bg7 28. Qc6 e4 {[%cal Be5e4,Be4d3,Bd3d2][%mdl 32]} 29. Bf4 exd3 30. Rxe8+ Rxe8 31. Bxd6 $2 {[%mdl 8192] [#]} (31. Rxe8+ $11 Qxe8 32. Qxe8+ Nxe8 33. Ne1) 31... Rxe1+ $19 32. Nxe1 d2 {Weighted Error Value: White=0.32/Black=0.09 (flawless)} 0-1

[Event "20th Prague Open 2022"]
[Site "Prague"]
[Date "2022.01.12"]
[Round "7.7"]
[White "Haring, Filip"]
[Black "Unneland, Mathias"]
[Result "1-0"]
[WhiteElo "2398"]
[BlackElo "2262"]
[Annotator "TA"]
[PlyCount "47"]
[EventDate "2022.01.07"]
[EventType "swiss"]
[EventCountry "CZE"]
[SourceTitle "playchess.com"]
[Source "ChessBase"]
[SourceQuality "1"]

{[%evp 15,47,13,0,-3,-6,0,7,0,19,0,0,0,14,17,24,17,27,25,19,15,29,7,39,8,55,52,62,64,89,70,545,546,29993,29994]} 1. e4 e5 2. Nf3 Nc6 3. d4 exd4 4. Nxd4 Nf6 5. Nxc6 bxc6 6. Bd3 d5 7. exd5 cxd5 8. O-O Be7 9. h3 {C45: Scotch Game.} O-O 10. Re1 Rb8 11. b3 {[#] The position is equal.} c5 $146 ({Predecessor:} 11... Rb6 12. Nd2 Bb7 13. Nf3 Ne4 14. Be3 Rg6 15. Bxa7 Bd6 16. c4 Qc8 17. Kf1 Qa8 18. cxd5 Bxd5 {0-1 (36) Jobava,B (2603)-Ponkratov,P (2624) Tornelo INT 2021}) 12. Bb2 Bb7 13. Nd2 Nd7 14. Nf3 Bf6 15. Bxf6 Qxf6 16. Qe2 Rbd8 17. a4 Qc3 18. Qd2 Qf6 19. Qg5 Qc3 (19... Qxg5 $11 20. Nxg5 h6) 20. Rad1 c4 21. Bf5 $40 {[%mdl 128] Hoping for Qe7. White has some attack. White is more active.} cxb3 22. cxb3 {Threatens to win with Qe7.} Nc5 $2 {[%mdl 8192]} ({Black should try} 22... Nf6 $1 $14) 23. Rc1 $18 Qa5 {[#]} 24. Bxh7+ $1 {[%mdl 512] Weighted Error Value: White=0.06 (flawless) /Black=1.04} 1-0

[Event "20th Prague Open 2022"]
[Site "Prague"]
[Date "2022.01.12"]
[Round "7.8"]
[White "Cholleti Sahajasri"]
[Black "Czerw, Dawid"]
[Result "0-1"]
[WhiteElo "2235"]
[BlackElo "2396"]
[Annotator "RC"]
[PlyCount "92"]
[EventDate "2022.01.07"]
[EventType "swiss"]
[EventCountry "CZE"]
[SourceTitle "playchess.com"]
[Source "ChessBase"]
[SourceQuality "1"]
[TimeControl "40/5400+30:1800+30"]

1. d4 {[%emt 0:09:24]} Nf6 {[%emt 0:00:06]} 2. c4 {[%emt 0:00:32]} c5 {[%emt 0:00:04]} 3. d5 {[%emt 0:00:15]} b5 {[%emt 0:00:05]} 4. Bg5 {[%emt 0:00:46]} bxc4 {[%emt 0:00:22]} 5. Nd2 {[%emt 0:04:50]} Qa5 {[%emt 0:17:56]} 6. Bxf6 {[%emt 0:00:32]} gxf6 {[%emt 0:00:45]} 7. Qc2 {[%emt 0:02:52]} d6 {[%emt 0:02:59]} 8. e4 {[%emt 0:09:22]} Nd7 {[%emt 0:00:50]} 9. Bxc4 {[%emt 0:07:25]} Nb6 {[%emt 0:06:01]} 10. Be2 {[%emt 0:01:30]} Bh6 {[%emt 0:01:06]} 11. Ngf3 {[%emt 0:02:13]} Ba6 {[%emt 0:01:17]} 12. Bxa6 {[%emt 0:10:34]} Qxa6 {[%emt 0:01:37]} 13. b3 {[%emt 0:00:56]} Rb8 {[%emt 0:05:21]} 14. Qd1 {[%emt 0:17:53]} f5 {[%emt 0:08:56]} 15. exf5 {[%emt 0:01:51]} Qd3 {[%emt 0:03:02]} 16. Qb1 {[%emt 0:13:09]} Qc3 {[%emt 0:07:05]} 17. Qd1 {[%emt 0:04:19]} Bxd2+ {[%emt 0:02:39]} 18. Nxd2 {[%emt 0:00:03]} Qe5+ {[%emt 0:00:08]} 19. Kf1 {[%emt 0:00:04]} Qxf5 {[%emt 0:02:25]} 20. Qe2 {[%emt 0:02:29]} Nxd5 {[%emt 0:06:05]} 21. Nc4 {[%emt 0:00:18]} O-O {[%emt 0:01:18]} 22. Re1 {[%emt 0:02:55]} Rbe8 {[%emt 0:08:52]} 23. h4 {[%emt 0:00:21]} Nf4 {[%emt 0:02:00]} 24. Qf3 {[%emt 0:02:34]} Qd3+ {[%emt 0:00:23]} 25. Qxd3 {[%emt 0:00:06]} Nxd3 {[%emt 0:00:04]} 26. Re3 {[%emt 0:00:07]} Nb4 {[%emt 0:00:47]} 27. Ke2 {[%emt 0:02:49]} f6 {[%emt 0:01:47]} 28. Rd1 {[%emt 0:02:02]} Nc6 {[%emt 0:02:12]} 29. Kf1 {[%emt 0:00:12]} Rd8 {[%emt 0:00:55]} 30. f4 {[%emt 0:01:20]} Kf7 {[%emt 0:02:54]} 31. Rd5 {[%emt 0:01:12]} Rg8 {[%emt 0:01:10]} 32. a3 {[%emt 0:00:14]} Rb8 {[%emt 0:04:29]} 33. Kf2 {[%emt 0:00:47]} a5 {[%emt 0:02:40]} 34. Rd1 {[%emt 0:00:41]} Rgd8 {[%emt 0:02:07]} 35. Rd5 {[%emt 0:00:17]} Rd7 {[%emt 0:02:05]} 36. g4 {[%emt 0:00:43]} Rdb7 {[%emt 0:01:23]} 37. Rdd3 {[%emt 0:00:27]} a4 {[%emt 0:01:18]} 38. bxa4 {[%emt 0:00:06]} Ra7 {[%emt 0:01:49]} 39. Re4 {[%emt 0:00:53]} f5 {[%emt 0:01:33]} 40. gxf5 {[%emt 0:00:11]} Nd4 {[%emt 0:00:24]} 41. Ne3 {[%emt 0:08:38]} Rb2+ {[%emt 0:01:38]} 42. Kf1 {[%emt 0:00:13]} Rxa4 {[%emt 0:05:30]} 43. f6 {[%emt 0:06:58]} e6 {[%emt 0:00:21]} 44. f5 {[%emt 0:00:27]} e5 {[%emt 0:01:00]} 45. Nd5 {[%emt 0:00:10]} Rc4 {[%emt 0:01:17]} 46. Rg4 {[%emt 0:04:31]} Rc1+ {[%emt 0:00:06]} 0-1

[Event "20th Prague Open 2022"]
[Site "Prague"]
[Date "2022.01.12"]
[Round "7.9"]
[White "Plischki, Sebastian"]
[Black "Dev, Shah"]
[Result "1-0"]
[WhiteElo "2375"]
[BlackElo "2243"]
[Annotator "ChessBase"]
[PlyCount "153"]
[EventDate "2022.01.07"]
[EventType "swiss"]
[EventCountry "CZE"]
[SourceTitle "playchess.com"]
[Source "ChessBase"]
[SourceQuality "1"]
[TimeControl "40/5400+30:1800+30"]

1. c4 {[%emt 0:00:05]} c5 {[%emt 0:01:03]} 2. Nf3 {[%emt 0:00:14]} Nf6 {[%emt 0:00:13]} 3. Nc3 {[%emt 0:00:17]} Nc6 {[%emt 0:00:06]} 4. d4 {[%emt 0:00:16]} cxd4 {[%emt 0:00:10]} 5. Nxd4 {[%emt 0:00:06]} e6 {[%emt 0:00:12]} 6. g3 {[%emt 0:00:18]} Qb6 {[%emt 0:00:09]} 7. Nb3 {[%emt 0:00:22]} Ne5 {[%emt 0:03:35]} 8. e4 {[%emt 0:00:46]} Bb4 {[%emt 0:02:49]} 9. Qe2 {[%emt 0:00:26]} d6 {[%emt 0:27:08]} 10. Bd2 {[%emt 0:01:51]} Bd7 {[%emt 0:04:41]} 11. f4 {[%emt 0:05:32]} Ng6 {[%emt 0:01:40]} 12. e5 {[%emt 0:05:25]} dxe5 {[%emt 0:02:41]} 13. fxe5 {[%emt 0:00:06]} Bc6 {[%emt 0:04:13]} 14. c5 {[%emt 0:08:36]} Qc7 {[%emt 0:07:34]} 15. exf6 {[%emt 0:03:33]} Bxc3 {[%emt 0:00:16]} 16. Bxc3 {[%emt 0:00:12]} Bxh1 {[%emt 0:00:07]} 17. fxg7 {[%emt 0:00:22]} Rg8 {[%emt 0:00:07]} 18. O-O-O {[%emt 0:03:15]} Rd8 {[%emt 0:01:51]} 19. Re1 {[%emt 0:08:29]} Bd5 {[%emt 0:08:41]} 20. Qf2 {[%emt 0:09:18]} Rd7 {[%emt 0:10:05]} 21. Kb1 {[%emt 0:01:21]} Ne7 {[%emt 0:11:54]} 22. Nc1 {[%emt 0:05:11]} f5 {[%emt 0:01:05]} 23. Bb5 {[%emt 0:05:00]} Be4+ {[%emt 0:01:14]} 24. Ka1 {[%emt 0:07:01]} Nc6 {[%emt 0:00:53]} 25. Bc4 {[%emt 0:01:34]} Re7 {[%emt 0:01:29]} 26. Nd3 {[%emt 0:02:32]} Kd7 {[%emt 0:05:51]} 27. Nf4 {[%emt 0:02:31]} Nd8 {[%emt 0:00:01]} 28. Nh5 {[%emt 0:13:34]} Kc8 {[%emt 0:00:19]} 29. Nf6 {[%emt 0:02:06]} Rexg7 {[%emt 0:02:44]} 30. Nxe4 {[%emt 0:00:21]} fxe4 {[%emt 0:00:05]} 31. Bxg7 {[%emt 0:00:11]} Rxg7 {[%emt 0:00:33]} 32. Rxe4 {[%emt 0:00:59]} Rg5 {[%emt 0:01:11]} 33. Bxe6+ {[%emt 0:02:02]} Nxe6 {[%emt 0:00:07]} 34. Rxe6 {[%emt 0:00:05]} Qxc5 {[%emt 0:00:06]} 35. Re8+ {[%emt 0:02:39]} Kc7 {[%emt 0:02:25]} 36. Qf7+ {[%emt 0:00:14]} Kb6 {[%emt 0:00:07]} 37. Re6+ {[%emt 0:06:24]} Ka5 {[%emt 0:00:01]} 38. Re1 {[%emt 0:00:39]} Qb4 {[%emt 0:01:06]} 39. Qc7+ {[%emt 0:02:13]} Ka6 {[%emt 0:00:55]} 40. Re6+ {[%emt 0:00:49]} b6 {[%emt 0:00:00]} 41. a3 {[%emt 0:33:16]} Qb3 {[%emt 0:06:08]} 42. Qc8+ {[%emt 0:00:00]} Ka5 {[%emt 0:00:19]} 43. Qd7 {[%emt 0:00:00]} Ka6 {[%emt 0:02:03]} 44. Re4 {[%emt 0:00:00]} Rb5 {[%emt 0:01:41]} 45. Qd4 {[%emt 0:00:00]} Rd5 {[%emt 0:01:11]} 46. Qc4+ {[%emt 0:00:00]} Qxc4 {[%emt 0:00:21]} 47. Rxc4 {[%emt 0:00:00]} Rd7 {[%emt 0:06:12]} 48. Kb1 {[%emt 0:00:00]} Kb5 {[%emt 0:00:18]} 49. b3 {[%emt 0:00:00]} Rf7 {[%emt 0:04:51]} 50. a4+ {[%emt 0:00:00]} Ka5 {[%emt 0:00:03]} 51. Rh4 {[%emt 0:00:00]} b5 {[%emt 0:05:47]} 52. Kc2 {[%emt 0:00:00]} Rd7 {[%emt 0:01:40]} 53. axb5 {[%emt 0:00:00]} Kxb5 {[%emt 0:00:05]} 54. Kc3 {[%emt 0:00:00]} a5 {[%emt 0:01:12]} 55. Rh5+ {[%emt 0:00:00]} Kb6 {[%emt 0:00:05]} 56. g4 {[%emt 0:00:00]} Rf7 {[%emt 0:03:17]} 57. h3 {[%emt 0:00:00]} Rd7 {[%emt 0:00:05]} 58. Kc4 {[%emt 0:00:00]} Rc7+ {[%emt 0:00:45]} 59. Kd4 {[%emt 0:00:00]} Ra7 {[%emt 0:00:26]} 60. Ke4 {[%emt 0:00:00]} Rb7 {[%emt 0:01:32]} 61. Rd5 {[%emt 0:00:00]} Ka6 {[%emt 0:00:31]} 62. Rd3 {[%emt 0:00:00]} Kb5 {[%emt 0:02:18]} 63. h4 {[%emt 0:00:14]} Kb4 {[%emt 0:00:20]} 64. g5 {[%emt 0:01:37]} Rf7 {[%emt 0:01:07]} 65. h5 {[%emt 0:00:46]} Rf1 {[%emt 0:00:32]} 66. Rg3 {[%emt 0:00:23]} Rh1 {[%emt 0:00:40]} 67. g6 {[%emt 0:02:34]} Rh4+ {[%emt 0:00:07]} 68. Kf3 {[%emt 0:00:04]} hxg6 {[%emt 0:00:11]} 69. hxg6 {[%emt 0:00:05]} Rh8 {[%emt 0:00:50]} 70. Kg4 {[%emt 0:00:10]} Rg8 {[%emt 0:00:34]} 71. Kg5 {[%emt 0:00:07]} Ka3 {[%emt 0:00:21]} 72. Kf6 {[%emt 0:00:22]} Rb8 {[%emt 0:00:12]} 73. g7 {[%emt 0:00:16]} Rb6+ {[%emt 0:00:09]} 74. Kf7 {[%emt 0:01:02]} Rb7+ {[%emt 0:00:04]} 75. Kg6 {[%emt 0:00:08]} Rb8 {[%emt 0:00:06]} 76. Kh7 {[%emt 0:00:44]} Rb7 {[%emt 0:00:05]} 77. Kh8 {[%emt 0:00:05]} 1-0

[Event "20th Prague Open 2022"]
[Site "Prague"]
[Date "2022.01.12"]
[Round "7.10"]
[White "Hrabusa, Matej"]
[Black "Grutter, Tim"]
[Result "1-0"]
[WhiteElo "2369"]
[BlackElo "2194"]
[Annotator "ChessBase"]
[PlyCount "155"]
[EventDate "2022.01.07"]
[EventType "swiss"]
[EventCountry "CZE"]
[SourceTitle "playchess.com"]
[Source "ChessBase"]
[SourceQuality "1"]
[TimeControl "40/5400+30:1800+30"]

1. d4 {[%emt 0:00:04]} Nf6 {[%emt 0:00:04]} 2. Nf3 {[%emt 0:00:06]} g6 {[%emt 0:00:05]} 3. c4 {[%emt 0:00:09]} Bg7 {[%emt 0:00:06]} 4. Nc3 {[%emt 0:00:06]} d6 {[%emt 0:00:09]} 5. e4 {[%emt 0:00:11]} O-O {[%emt 0:00:07]} 6. Be2 {[%emt 0:00:16]} e5 {[%emt 0:00:09]} 7. Be3 {[%emt 0:00:11]} exd4 {[%emt 0:01:40]} 8. Nxd4 {[%emt 0:00:07]} Re8 {[%emt 0:00:12]} 9. f3 {[%emt 0:00:08]} c6 {[%emt 0:00:22]} 10. Bf2 {[%emt 0:00:22]} d5 {[%emt 0:00:40]} 11. exd5 {[%emt 0:00:13]} cxd5 {[%emt 0:00:16]} 12. O-O {[%emt 0:00:14]} Nc6 {[%emt 0:01:20]} 13. c5 {[%emt 0:00:21]} Nxd4 {[%emt 0:17:13]} 14. Bxd4 {[%emt 0:01:03]} Bd7 {[%emt 0:08:38]} 15. Qd2 {[%emt 0:03:07]} Qa5 {[%emt 0:17:55]} 16. Rad1 {[%emt 0:07:05]} Rad8 {[%emt 0:04:42]} 17. Kh1 {[%emt 0:03:45]} Kh8 {[%emt 0:13:07]} 18. Rfe1 {[%emt 0:09:49]} Be6 {[%emt 0:03:34]} 19. Qf4 {[%emt 0:07:00]} Nh5 {[%emt 0:04:37]} 20. Bxg7+ {[%emt 0:00:53]} Kg8 {[%emt 0:04:18]} 21. Qd4 {[%emt 0:13:58]} Nxg7 {[%emt 0:00:05]} 22. Bb5 {[%emt 0:01:32]} Rf8 {[%emt 0:02:22]} 23. b4 {[%emt 0:01:40]} Qc7 {[%emt 0:00:17]} 24. Bd3 {[%emt 0:01:31]} a6 {[%emt 0:01:13]} 25. a4 {[%emt 0:10:24]} Qd7 {[%emt 0:08:00]} 26. b5 {[%emt 0:04:20]} axb5 {[%emt 0:00:52]} 27. axb5 {[%emt 0:00:12]} Bf5 {[%emt 0:01:37]} 28. Bxf5 {[%emt 0:07:24]} Nxf5 {[%emt 0:00:01]} 29. Qxd5 {[%emt 0:00:23]} Qc7 {[%emt 0:01:30]} 30. Qc4 {[%emt 0:01:13]} Rxd1 {[%emt 0:00:56]} 31. Rxd1 {[%emt 0:02:53]} Rc8 {[%emt 0:01:41]} 32. Ne4 {[%emt 0:06:35]} Ne3 {[%emt 0:02:27]} 33. Nf6+ {[%emt 0:00:48]} Kf8 {[%emt 0:00:48]} 34. Qh4 {[%emt 0:01:56]} Kg7 {[%emt 0:01:25]} 35. Rc1 {[%emt 0:05:23]} Qe5 {[%emt 0:02:27]} 36. Ne4 {[%emt 0:01:31]} Nxg2 {[%emt 0:00:33]} 37. Qh3 {[%emt 0:03:34]} f5 {[%emt 0:00:34]} 38. Ng5 {[%emt 0:00:48]} h6 {[%emt 0:01:34]} 39. Qxh6+ {[%emt 0:00:35]} Kxh6 {[%emt 0:00:27]} 40. Nf7+ {[%emt 0:00:06]} Kg7 {[%emt 0:00:15]} 41. Nxe5 {[%emt 0:30:05]} Nf4 {[%emt 0:31:30]} 42. c6 {[%emt 0:07:37]} bxc6 {[%emt 0:00:00]} 43. Nxc6 {[%emt 0:00:00]} Rc7 {[%emt 0:00:00]} 44. Ra1 {[%emt 0:00:00]} Kf7 {[%emt 0:00:00]} 45. Rb1 {[%emt 0:00:00]} Ne6 {[%emt 0:00:00]} 46. b6 {[%emt 0:00:00]} Rb7 {[%emt 0:00:00]} 47. Na5 {[%emt 0:00:00]} Rb8 {[%emt 0:00:00]} 48. b7 {[%emt 0:00:00]} Nd8 {[%emt 0:00:00]} 49. Rc1 {[%emt 0:00:00]} Ke6 {[%emt 0:00:00]} 50. Rc8 {[%emt 0:00:00]} Nxb7 {[%emt 0:00:51]} 51. Rxb8 {[%emt 0:00:00]} Nxa5 {[%emt 0:00:03]} 52. Rb6+ {[%emt 0:00:00]} Kf7 {[%emt 0:00:10]} 53. Kg2 {[%emt 0:00:00]} Nc4 {[%emt 0:00:07]} 54. Ra6 {[%emt 0:00:00]} Ne3+ {[%emt 0:03:06]} 55. Kf2 {[%emt 0:00:00]} f4 {[%emt 0:01:53]} 56. Ke2 {[%emt 0:00:00]} g5 {[%emt 0:01:38]} 57. Kd3 {[%emt 0:01:00]} Nf1 {[%emt 0:00:49]} 58. Ra2 {[%emt 0:02:20]} Ne3 {[%emt 0:00:21]} 59. Ke4 {[%emt 0:00:49]} Kg6 {[%emt 0:00:20]} 60. h4 {[%emt 0:00:24]} Nc4 {[%emt 0:00:42]} 61. hxg5 {[%emt 0:00:28]} Kxg5 {[%emt 0:00:06]} 62. Rg2+ {[%emt 0:00:08]} Kf6 {[%emt 0:00:08]} 63. Kxf4 {[%emt 0:00:09]} Ne5 {[%emt 0:00:04]} 64. Ra2 {[%emt 0:00:23]} Nd3+ {[%emt 0:00:17]} 65. Ke3 {[%emt 0:00:24]} Ne5 {[%emt 0:02:04]} 66. Ke4 {[%emt 0:00:29]} Nc4 {[%emt 0:00:29]} 67. Ra6+ {[%emt 0:00:55]} Ke7 {[%emt 0:00:25]} 68. Kf5 {[%emt 0:00:56]} Ne3+ {[%emt 0:00:12]} 69. Kg5 {[%emt 0:00:18]} Kf7 {[%emt 0:00:15]} 70. f4 {[%emt 0:00:17]} Nc4 {[%emt 0:00:35]} 71. f5 {[%emt 0:00:34]} Ne5 {[%emt 0:00:25]} 72. Ra7+ {[%emt 0:00:24]} Ke8 {[%emt 0:01:02]} 73. Kf6 {[%emt 0:00:29]} Nc6 {[%emt 0:00:14]} 74. Ra8+ {[%emt 0:00:14]} Kd7 {[%emt 0:00:21]} 75. Kg7 {[%emt 0:00:11]} Nd4 {[%emt 0:00:12]} 76. f6 {[%emt 0:00:13]} Nf5+ {[%emt 0:00:17]} 77. Kg6 {[%emt 0:00:31]} Ke6 {[%emt 0:00:48]} 78. Ra6+ {[%emt 0:00:13]} 1-0